000 00326nam a2200133Ia 4500
005 20260328101514.0
008 260328s9999||||xx |||||||||||||| ||und||
100 _aPullim, Graham
245 0 _aDesign Meets Disability /
_cGraham Pullim
260 _bMIT Press
300 _a341 p.
650 _aDISEÑO INDUSTRIAL
942 _cBK
999 _c9312
_d9312